What's the damage? (Record no. 83800)

MARC details
000 -LEADER
fixed length control field 00741cab a22001935a 4500
001 - CONTROL NUMBER
control field L155062
008 - FIXED-LENGTH DATA ELEMENTS--GENERAL INFORMATION
fixed length control field 120223e20120218xxk 000 0 eng d
035 ## - SYSTEM CONTROL NUMBER
System control number (Sirsi) u155062
041 0# - LANGUAGE CODE
Language code of text/sound track or separate title eng
100 1# - MAIN ENTRY--PERSONAL NAME
Personal name Greatholder, Paul
245 00 - TITLE STATEMENT
Title What's the damage?
260 ## - PUBLICATION, DISTRIBUTION, ETC.
Date of publication, distribution, etc. 2012
490 ## - SERIES STATEMENT
Series statement Estates Gazette
Volume/sequential designation 18 February 2012, 86-87(2)
520 ## - SUMMARY, ETC.
Summary, etc. Liability of a property owner for damage caused by others on its property. Advises that a landowner has a general duty of care to neighbours but will not generally be liable for the acts of a third party on the land unless there are special reasons for displacing that general rule.
590 ## - LOCAL NOTE (RLIN)
Local note KA
651 #4 - SUBJECT ADDED ENTRY--GEOGRAPHIC NAME
Geographic name United Kingdom
Chronological subdivision
690 ## - LOCAL SUBJECT ADDED ENTRY--TOPICAL TERM (OCLC, RLIN)
Topical term or geographic name as entry element Property management
9 (RLIN) 6262
942 ## - ADDED ENTRY ELEMENTS (KOHA)
Suppress in OPAC 0
Holdings
Withdrawn status Lost status Source of classification or shelving scheme Damaged status Not for loan Home library Current library Shelving location Date acquired Total Checkouts Full call number Barcode Date last seen Copy number Price effective from Koha item type
    Dewey Decimal Classification     London London Journal article 23/02/2012   L155062 155062-1001 06/08/2019 1 06/08/2019 Journal article